• 首页
  • 本馆介绍
  • 公告通知
  • 最新文献
  • 馆藏检索
  • 电子资源
  • 读者导购
  • 参考咨询
  • 我的图书馆
  • 登录
  • 详细信息显示
  • 放入我的书架
  • 预约/预借图书
  • 作者相关作品
  • 分类相关作品
  • 丛书相关作品
  • 出版社相关作品

书目信息

  • 表格格式
  • 工作单格式
  • 卡片格式
题名:
萃取微生物转化
    
 
作者: 王志龙 编著
分册:  
出版信息: 北京   化学工业出版社  2012.4
页数: 184页
开本: 26cm
丛书名:
单 册:
中图分类: O658.2
科图分类:
主题词: 萃取--微生物催化作用 , 萃取 , 微生物催化作用
电子资源:
ISBN: 978-7-122-12716-7
000 01183nam0 2200265 45
001 1360105062
005 20130530110448.90
010    @a978-7-122-12716-7@dCNY39.00
100    @a20130513d2012 em y0chiy50 ea
101 0  @achi
102    @aCN@b110000
105    @aa z 000yy
106    @ar
200 1  @a萃取微生物转化@ACui Qu Wei Sheng Wu Zhuan Hua@dExtractive microbial transformation@f王志龙编著@FWang Zhi Long Bian Zhu@zeng
210    @a北京@c化学工业出版社@d2012.4
215    @a184页@c图@d26cm
330    @a本书以微生物细胞在非水介质中的生物相容性和有机化合物在液-液两相系统中的不均匀分配为主线,讨论两相分配系统中的萃取微生物转化。分别介绍有机溶剂对微生物细胞的毒性和有机溶剂耐受性极端微生物、有机溶剂-水溶液两相系统中萃取微生物转化的原理及应用有机溶剂进行萃取微生物转化的局限性、非离子表面活性剂、电中性聚合物、电解质聚合物和离子液体等新型溶剂形成两相系统中的萃取微生物转化。
510 1  @aExtractive microbial transformation@zeng
606 0  @a萃取@x微生物催化作用
606 0  @a萃取
606 0  @a微生物催化作用
690    @aO658.2@v5
701  0 @a王志龙@AWang Zhi Long@c(生命科学)@4编著
801    @aCN@bTANGWEI@c20130523
905    @b0834350-52@dO658.2@e21@f3
    
    萃取微生物转化=Extractive microbial transformation/王志龙编著.-北京:化学工业出版社,2012.4
    184页:图;26cm
    
    
    ISBN 978-7-122-12716-7:CNY39.00
    本书以微生物细胞在非水介质中的生物相容性和有机化合物在液-液两相系统中的不均匀分配为主线,讨论两相分配系统中的萃取微生物转化。分别介绍有机溶剂对微生物细胞的毒性和有机溶剂耐受性极端微生物、有机溶剂-水溶液两相系统中萃取微生物转化的原理及应用有机溶剂进行萃取微生物转化的局限性、非离子表面活性剂、电中性聚合物、电解质聚合物和离子液体等新型溶剂形成两相系统中的萃取微生物转化。
●
相关链接 在E读中查询图书 在五车中查询图书 在当当中查询图书 在豆瓣中查询图书


正题名:萃取微生物转化     索取号:O658.2/21         预约/预借

序号 登录号 条形码 馆藏地/架位号 状态 备注
1 0834350   208343504   第二样本阅览室/ [索取号:O658.2/21] 在馆    
2 0834351   208343513   密集书库-化学系/ [索取号:O658.2/21] 在馆    
3 0834352   208343522   第三借阅区/ [索取号:O658.2/21] 在馆    
唐山师范学院图书馆 欢迎您!
大连网信软件有限公司© 版权所有